000 00884nam a22003017a 4500
003 CHAP
005 20220329141432.0
008 971013s1984 r 00010 d
010 _a68077
011 _a69049
035 _a78523
040 _cCHAP
082 _a572
_bH45
100 0 0 _aHerner, Irene.
_953766
245 _aTarzán el hombre mito
260 _aMéxico, D. F. :
_bPosada,
_c1984
300 _a245 p.
500 _a26-209
590 _aBATCH-UPD
_b10
_c20130110
_lUCH01
_h0100
590 _aBATCH-UPD
_b10
_c20130110
_lUCH01
_h0731
590 _aBATCH-UPD
_b10
_c20130409
_lUCH01
_h2049
590 _aBATCH-UPD
_b10
_c20130914
_lUCH01
_h1608
590 _aCONVERSION
_b10
_c20130109
_lUCH01
_h1337
650 1 4 _aHombre primitivo
_xReligión y mitología.
_956047
901 _aBK
942 _cLIBRO
949 _a572 H45
_bBC
_cLIBRO
_d33724000477386
_eLIBRO
_h68900
_i78523
_si
999 _c68077
_d68077